000 00530nam a22001937a 4500
003 KOHA_MİRAKIL
005 20251006120859.0
008 251006b tu ||||| |||| 00| 0 tur d
020 _a9786052275801
040 _aTR-AnABB
_btur
_cTR-AnABB
041 _atur
082 _a823.914
_bKIN 2022
100 1 _aKing, Sj,
245 1 0 _aGizli kaşifler ve kuyruklu yıldız çarpışması /
_cSJ King
260 _aAnkara :
_bNobel Çocuk,
_c2022
300 _a127 sayfa ;
_c19 cm
650 0 4 _aHikaye
942 _2ddc
_cBK
999 _c9113
_d9113
900 _bGizem YORULMAZ